High performance cluster computing /

Guardado en:
Otros Autores: Buyya, Rajkumar, 1970-, (Editor , ed.)
Formato: Libro
Idioma:English
Publicado: Upper Saddle River, N.J. : Prentice Hall PTR, c1999.
Materias:
Etiquetas: Agregar Etiqueta
Sin Etiquetas, Sea el primero en etiquetar este registro!
LEADER 00925cam a22002415a 4500
001 EIQ.libpla002935
008 990120m19999999njua#####b####001#0#eng#d
005 20070919185424.0
245 0 0 |a High performance cluster computing /  |c edited by Rajkumar Buyya. 
260 |a Upper Saddle River, N.J. :  |b Prentice Hall PTR,  |c c1999. 
300 |a 2 v. :  |b il. ;  |c 25 cm. 
504 |a Incluye referencias bibliográficas e índice. 
505 0 |a v. l. Architectures and systems -- v. 2. Programming and applications. 
020 |a 0130137847 (v. 1) 
020 |a 0130137855 (v. 2) 
700 1 |a Buyya, Rajkumar,  |d 1970-,  |e ed.  |4 edt 
082 0 0 |a 004/.3  |2 21 
650 4 |a Computación  |x Programación. 
650 4 |a Computation  |x Programming. 
010 |a  99017906  
040 |a DLC  |c DLC  |d AR-BbSID 
859 |a AR-BbSID  |b BIB. PLAPIQUI  |h 004.3  |i H 537  |p 5179  |v Vol. 1  |3 Vol. 1 
859 |a AR-BbSID  |b BIB. PLAPIQUI  |h 004.3  |i H 537  |p 5180  |v Vol. 2  |3 Vol. 2